000 00895nam a22002777a 4500
001 00723
003 DO-SdBNP
005 20230327103402.0
007 00723
008 160706b 20uu sp| 0 spa d
020 _a8439280297
040 _aBPMSU
_bspa
_cBPMSU
082 4 _a823.8
_bB275p
_222
100 1 _aBarrie, J. M. (James Matthew)
_d1860-1937
245 1 0 _aPeter Pan y Wendy /
_cJ. M. Barrie ; ilustración Jesús Leza
260 _aLeón, España : :
_b Ediciones Gaviota,
_c[200-?]
300 _a274 p. :
_bil.,
_c23 cm.
490 0 _aAlfaguara infantil y juvenil
590 _6Inventariado, 2023/VM
600 4 _aBarrie, James Matthew,
_d1860-1937
_tPeter Pan
_xAdaptaciones teatrales.
650 4 _xLiteratura iglesa infantil
_a
_e
650 4 _a Nonveal inglesa infantil
700 1 _a Leza, Jesús
_eils.
910 _aVMateo V. Control de calidad (BPMSU)
942 _2ddc
_cBK
999 _c14368
_d14368